000 00483cam a2200181ua 4500
020 _c75.00
041 _aeng
_h
082 _a680.2
_bABD/AG
100 _aAbdul Wahid, Ansari .
245 _aAgricultural innovations: Its social concomitance /
_cAbdul Wahid Ansari.
_hTextual Documents
250 _a1 /
_b.
260 _aNew Delhi :
_bAssociated Publishing House ,
_c1985.
300 _a112 ; .
365 _a75.00
504 _a
942 _cBK
999 _c9941
_d9941